Welcome to CU Library Online Public Access Catalogue (OPAC)

AUGUSTAN SATIRE (Record no. 1565)

MARC details
000 -LEADER
fixed length control field 00369nam a22001337a 4500
005 - DATE AND TIME OF LATEST TRANSACTION
control field 20241126145038.0
008 - FIXED-LENGTH DATA ELEMENTS--GENERAL INFORMATION
fixed length control field 241126b |||||||| |||| 00| 0 eng d
100 ## - MAIN ENTRY--PERSONAL NAME
Personal name IAN JACK
245 ## - TITLE STATEMENT
Title AUGUSTAN SATIRE
Remainder of title INTENTION AND IDIOM IN ENGLISH POETRY 1660-1750
260 ## - PUBLICATION, DISTRIBUTION, ETC.
Place of publication, distribution, etc. DELHI
Name of publisher, distributor, etc. AITBS PUBLISHERS
Date of publication, distribution, etc. c2003
300 ## - PHYSICAL DESCRIPTION
Extent x, 163;
500 ## - GENERAL NOTE
General note include index
942 ## - ADDED ENTRY ELEMENTS (KOHA)
Source of classification or shelving scheme Library of Congress Classification
Koha item type Books
Suppress in OPAC No
999 ## -
-- 1565
-- 1565
Holdings
Withdrawn status Lost status Source of classification or shelving scheme Damaged status Not for loan Collection Home library Current library Shelving location Date acquired Total checkouts Full call number Barcode Date last seen Copy number Price effective from Koha item type
    Library of Congress Classification     Non-fiction Undergraduate Library (Christ Temple) Undergraduate Library (Christ Temple) General stacks 11/26/2024   PR 565.L3J3 ulct00000368 11/26/2024 1 11/26/2024 Books
© 2023-2024 Copyright: Central University Libraries. All Rights Reserved | Created by: Mahone Tech Office